| 000 | 00679nam a2200217 a 4500 | ||
|---|---|---|---|
| 008 | 951212s1980||||[C 0 slo c | ||
| 020 |
_c7,50 Kčs. _q(15000 výtl.) |
||
| 040 |
_aSNK _bslo _cSNK _eAACR2 |
||
| 041 | 1 |
_aslo _hcze |
|
| 044 |
_axo _cSK |
||
| 080 | _a173(035.3) | ||
| 100 | 1 |
_aCibulec, Jindřich _4aut |
|
| 245 | 1 | 0 |
_aAko si vybrať a udržať partnera _cJindřich Cibulec ; Nora Jedličková, Robert Brož |
| 250 | _a1., vyd. | ||
| 260 |
_aMartin _bOsveta _c1980 _eRužomberok _fTlačiarne SNP |
||
| 300 |
_a135 s., 6,31 AH _bTb. _c20 cm |
||
| 490 | 0 |
_aZdravie všetkým _vZv. 37. |
|
| 700 | 1 |
_aJedličková, Nora _4trl |
|
| 700 | 1 |
_aBrož, Robert _4bkd |
|
| 958 | _aA | ||
| 999 |
_c19760 _d19760 |
||